000 00479nam a2200181Ia 4500
008 090124s9999 xx 000 0 und d
082 _b46815
100 _aजाखोटिया गिरीश प.
245 _a वंश
250 _a1
260 _c2008
300 _a246
600 _aजाखोटिया गिरीश प.
630 _a वंश
700 _aजाखोटिया गिरीश प.
730 _a वंश
942 _cBOOK
999 _c113041
_d113041